Badly Drawn Fruit - Statistics

General Stats
  • This quiz has been taken 63 times
  • The average score is 11 of 12
Answer Stats
Picture Answer % Correct
Apple
100%
Banana
100%
Kiwi
100%
Orange
100%
Strawberry
100%
Watermelon
98%
Pumpkin
97%
Blackberry
89%
Blueberry
89%
Grapes
89%
Pineapple
89%
Cucumber
85%
No matching quizzes found
Score Distribution
Percent of People with Each Score
Percentile by Number Answered
Your Score History
You have not taken this quiz